| 000 | 00675nam a2200217 a 4500 | ||
|---|---|---|---|
| 005 | 20210223122432.0 | ||
| 008 | 991125s2001 mx 000 0 spa u | ||
| 020 | _a0521781914 | ||
| 035 | _aUPN01000035639 | ||
| 049 | _aCG | ||
| 050 | 4 |
_aPR468 S3.4 _bR5.2 |
|
| 100 | 1 |
_aRichardson, Alan, _d1955- |
|
| 245 | 1 | 0 |
_aBritish romanticism and the science of the mind / _cAlan Richardson. |
| 260 |
_aCambridge, UK. : _bCambridge University, _c2001. |
||
| 300 | _a243 p. | ||
| 440 | 0 | _aCambridge studies in romanticism | |
| 650 | 4 |
_aLITERATURA INGLESA - _ySIGLO XIX - _xHISTORIA Y CRITICA _920965 |
|
| 650 | 4 |
_aLITERATURA Y CIENCIA _914298 |
|
| 902 | _aMCM/dmcv | ||
| 905 | _aLibro | ||
| 999 |
_c35639 _d35639 |
||